The Role of nucleation in boiling and cavitation ; discussions [from a] symposium presented at Joint Fluids Engineering, Heat Transfer and Lubrication Conference, Detroit, Michigan, May 26-27, 1970.

Bibliographic Details
Corporate Authors: Symposium on the Role of Nucleation in Boiling and Cavitation Detroit, Joint ASME Fluids Engineering, Heat Transfer, and Lubrication Conference
Format: Conference Proceeding Book
Language:English
Published: New York : American Society of Mechanical Engineers, [1970?]
Subjects:

MARC

Tag First Indicator Second Indicator Subfields
LEADER 00000cam a2200000 4500
001 in00000094599
005 20150927110513.0
008 800225s1970 xx 10000 eng d
035 |a (OCoLC)06019754 
035 |9 AAL6469AM 
040 |a SEA  |c SEA  |d TXA  |d UtOrBLW 
049 |a TXAM  |c [956576] 
090 |a TP156.N8  |b S8 1970 
111 2 |a Symposium on the Role of Nucleation in Boiling and Cavitation  |d (1970 :  |c Detroit) 
245 1 4 |a The Role of nucleation in boiling and cavitation ;  |b discussions [from a] symposium presented at Joint Fluids Engineering, Heat Transfer and Lubrication Conference, Detroit, Michigan, May 26-27, 1970. 
264 1 |a New York :  |b American Society of Mechanical Engineers,  |c [1970?] 
300 |a 1 volume :  |b illustrations ;  |c 28 cm. 
336 |a text  |b txt  |2 rdacontent 
337 |a unmediated  |b n  |2 rdamedia 
338 |a volume  |b nc  |2 rdacarrier 
500 |a Cover title. 
500 |a "Sponsored by Fluids Engineering and Heat Transfer Divisions of ASME." 
504 |a Includes bibliographical references. 
650 0 |a Nucleate boiling  |x Congresses. 
650 0 |a Cavitation  |v Congresses. 
711 2 |a Joint ASME Fluids Engineering, Heat Transfer, and Lubrication Conference  |d (1970 :  |c Detroit) 
999 |a MARS 
999 f f |s 247eb728-6964-3eec-849a-af8525dac4c0  |i 6966eb49-a98e-377c-b557-13cf7dec7896  |t 0 
952 f f |p ric  |a Texas A&M University  |b Rellis Campus  |c Joint Library Facility  |d Remote Storage  |t 0  |e TP156.N8 S8 1970  |h Library of Congress classification  |i unmediated -- volume  |m A14805599336 
998 f f |a TP156.N8 S8 1970  |t 0  |l Remote Storage